000 00750nam a2200289Ia 4500
005 20260324142630.0
008 008 260324s9999 xx 000 0 eng d
020 _a9780429028755
037 _aEBOOK
040 _aCRL
040 _beng
040 _cCRL
041 _2eng
041 _aeng
084 _qCRL
100 _aGlenda Abramson; Tudor Parfitt
_91212673
245 0 _aJewish Education and Learning
245 0 _bPublished in Honour of Dr. David Patterson on the Occasion of His Seventieth Birthday
260 _bTaylor and Francis
260 _c1994
365 _a
365 _b205
856 _uhttp://www.taylorfrancis.com/books/9780429028755
942 _cEBOOK
999 _c1817069
_d1817069